[Event "45th FIDE Chess Olympiad Open"]
[Site "Budapest, Hungary"]
[Date "2024.09.19"]
[Round "8"]
[White "Kjartansson, Gudmundur"]
[Black "Annaberdiyev, Meylis"]
[Result "0-1"]
[Board "114"]
[WhiteFideId "2301318"]
[BlackFideId "14000563"]
[WhiteTitle "GM"]
[BlackTitle "GM"]
[WhiteElo "2478"]
[BlackElo "2431"]
[WhiteTeam "Iceland"]
[BlackTeam "Turkmenistan"]
[WhiteClock "0:23:33"]
[BlackClock "0:25:47"]
[Variant "Standard"]

1. e4 {[%clk 1:30:56]}  e5 {[%clk 1:30:54]} 2. Nf3 {[%clk 1:31:19]}  Nc6 {[%clk 1:31:20]} 3. Bb5 {[%clk 1:31:32]}  Bc5 {[%clk 1:31:43]} 4. c3 {[%clk 1:28:01]}  Nf6 {[%clk 1:32:05]} 5. d3 {[%clk 1:25:54]}  O-O {[%clk 1:30:04]} 6. O-O {[%clk 1:25:32]}  d6 {[%clk 1:30:22]} 7. Nbd2 {[%clk 1:25:22]}  Bb6 {[%clk 1:17:46]} 8. a4 {[%clk 1:20:03]}  Ne7 {[%clk 1:13:27]} 9. h3 {[%clk 1:05:37]}  c6 {[%clk 1:12:13]} 10. Bc4 {[%clk 1:05:13]}  Ng6 {[%clk 1:12:21]} 11. Bb3 {[%clk 1:00:40]}  Re8 {[%clk 1:08:37]} 12. Re1 {[%clk 0:57:15]}  h6 {[%clk 1:08:18]} 13. Nf1 {[%clk 0:54:41]}  d5 {[%clk 1:07:37]} 14. Ng3 {[%clk 0:53:49]}  Bc7 {[%clk 1:07:42]} 15. Bc2 {[%clk 0:40:53]}  Be6 {[%clk 1:06:43]} 16. d4 {[%clk 0:30:19]}  dxe4 {[%clk 0:55:12]} 17. Nxe5 {[%clk 0:27:48]}  Bxe5 {[%clk 0:30:03]} 18. dxe5 {[%clk 0:27:41]}  Qxd1 {[%clk 0:30:26]} 19. Bxd1 {[%clk 0:22:15]}  Nxe5 {[%clk 0:30:50]} 20. Nxe4 {[%clk 0:22:33]}  Nxe4 {[%clk 0:29:56]} 21. Rxe4 {[%clk 0:22:57]}  Bf5 {[%clk 0:30:08]} 22. Re2 {[%clk 0:19:36]}  Nc4 {[%clk 0:21:14]} 23. b3 {[%clk 0:09:52]}  Bd3 {[%clk 0:19:35]} 24. Rxe8+ {[%clk 0:09:10]}  Rxe8 {[%clk 0:20:03]} 25. Kh2 {[%clk 0:08:43]}  Re1 {[%clk 0:19:26]} 26. bxc4 {[%clk 0:07:55]}  Rxd1 {[%clk 0:19:51]} 27. a5 {[%clk 0:02:57]}  Bxc4 {[%clk 0:18:26]} 28. f3 {[%clk 0:03:23]}  Bd5 {[%clk 0:14:33]} 29. Kg3 {[%clk 0:03:04]}  g5 {[%clk 0:14:44]} 30. h4 {[%clk 0:02:21]}  f5 {[%clk 0:12:22]} 31. hxg5 {[%clk 0:02:13]}  hxg5 {[%clk 0:12:50]} 32. Bb2 {[%clk 0:00:43]}  f4+ {[%clk 0:12:12]} 33. Kh3 {[%clk 0:00:53]}  Rd2 {[%clk 0:11:18]} 34. Ba3 {[%clk 0:01:04]}  Be6+ {[%clk 0:11:31]} 35. Kh2 {[%clk 0:01:28]}  g4 {[%clk 0:11:40]} 36. fxg4 {[%clk 0:00:44]}  Bd5 {[%clk 0:11:56]} 37. Bc5 {[%clk 0:00:36]}  a6 {[%clk 0:06:04]} 38. Kh3 {[%clk 0:00:36]}  Kf7 {[%clk 0:02:38]} 39. g3 {[%clk 0:00:32]}  f3 {[%clk 0:01:34]} 40. Rh1 {[%clk 0:00:35]}  Bc4 {[%clk 0:01:29]} 41. Rb1 {[%clk 0:22:34]}  f2 {[%clk 0:29:48]} 42. Rxb7+ {[%clk 0:22:38]}  Kg6 {[%clk 0:30:00]} 43. Bxf2 {[%clk 0:23:00]}  Rxf2 {[%clk 0:30:14]} 44. g5 {[%clk 0:23:17]}  Kxg5 {[%clk 0:26:19]} 45. Rg7+ {[%clk 0:23:33]}  Kf5 {[%clk 0:25:47]} 0-1

[Event "45th FIDE Chess Olympiad Open"]
[Site "Budapest, Hungary"]
[Date "2024.09.19"]
[Round "8"]
[White "Heimisson, Hilmir Freyr"]
[Black "Shirliyev, Allayar"]
[Result "1/2-1/2"]
[Board "116"]
[WhiteFideId "2309998"]
[BlackFideId "14004160"]
[WhiteTitle "IM"]
[WhiteElo "2391"]
[BlackElo "2200"]
[WhiteTeam "Iceland"]
[BlackTeam "Turkmenistan"]
[WhiteClock "0:03:29"]
[BlackClock "0:20:09"]
[Variant "Standard"]

1. e4 {[%clk 1:30:51]}  e5 {[%clk 1:30:53]} 2. Nf3 {[%clk 1:31:10]}  Nc6 {[%clk 1:31:19]} 3. Nc3 {[%clk 1:31:25]}  Nf6 {[%clk 1:19:11]} 4. a3 {[%clk 1:31:24]}  d5 {[%clk 1:13:11]} 5. Bb5 {[%clk 1:30:55]}  d4 {[%clk 1:08:12]} 6. Ne2 {[%clk 1:31:04]}  Nxe4 {[%clk 1:03:52]} 7. d3 {[%clk 1:31:20]}  Nf6 {[%clk 1:02:56]} 8. Nxe5 {[%clk 1:31:05]}  Qd5 {[%clk 1:02:37]} 9. Nxc6 {[%clk 1:30:46]}  bxc6 {[%clk 0:59:23]} 10. Bc4 {[%clk 1:31:05]}  Qa5+ {[%clk 0:55:34]} 11. Bd2 {[%clk 1:15:15]}  Qb6 {[%clk 0:55:37]} 12. Ng3 {[%clk 1:13:31]}  Bg4 {[%clk 0:53:15]} 13. f3 {[%clk 1:09:54]}  Be6 {[%clk 0:53:37]} 14. Qe2 {[%clk 1:09:36]}  Nd5 {[%clk 0:52:37]} 15. f4 {[%clk 1:03:02]}  O-O-O {[%clk 0:50:00]} 16. f5 {[%clk 1:02:06]}  Bd7 {[%clk 0:50:25]} 17. O-O {[%clk 1:01:42]}  f6 {[%clk 0:41:40]} 18. Qf3 {[%clk 0:53:07]}  Be8 {[%clk 0:41:59]} 19. b4 {[%clk 0:52:45]}  a6 {[%clk 0:35:36]} 20. Ne4 {[%clk 0:51:39]}  Qa7 {[%clk 0:26:03]} 21. Rfb1 {[%clk 0:44:00]}  Nb6 {[%clk 0:25:37]} 22. Be6+ {[%clk 0:33:50]}  Bd7 {[%clk 0:22:22]} 23. Nc5 {[%clk 0:24:29]}  Bxc5 {[%clk 0:21:50]} 24. bxc5 {[%clk 0:24:50]}  Nd5 {[%clk 0:22:17]} 25. Bxd5 {[%clk 0:23:54]}  cxd5 {[%clk 0:22:45]} 26. Qxd5 {[%clk 0:23:55]}  Bb5 {[%clk 0:22:37]} 27. Qe6+ {[%clk 0:23:22]}  Bd7 {[%clk 0:23:00]} 28. Qe4 {[%clk 0:22:12]}  Rhe8 {[%clk 0:19:51]} 29. Qf3 {[%clk 0:19:37]}  Re5 {[%clk 0:18:59]} 30. c6 {[%clk 0:19:32]}  Be8 {[%clk 0:19:16]} 31. Bf4 {[%clk 0:17:52]}  Re7 {[%clk 0:15:37]} 32. Rb4 {[%clk 0:13:23]}  Qc5 {[%clk 0:15:21]} 33. Rc4 {[%clk 0:13:20]}  Qxf5 {[%clk 0:11:39]} 34. Rb1 {[%clk 0:12:21]}  Qe6 {[%clk 0:12:01]} 35. h3 {[%clk 0:08:21]}  Rd5 {[%clk 0:09:00]} 36. Bg3 {[%clk 0:03:00]}  Qe3+ {[%clk 0:08:25]} 37. Kf1 {[%clk 0:02:52]}  Rb5 {[%clk 0:02:20]} 38. Re1 {[%clk 0:01:18]}  Qxf3+ {[%clk 0:01:24]} 39. gxf3 {[%clk 0:01:46]}  Rxe1+ {[%clk 0:01:53]} 40. Kxe1 {[%clk 0:01:04]}  Rb6 {[%clk 0:00:55]} 41. Rxd4 {[%clk 0:00:34]}  Rxc6 {[%clk 0:00:48]} 42. Kd2 {[%clk 0:29:00]}  Rc5 {[%clk 0:27:04]} 43. Re4 {[%clk 0:26:29]}  Kd8 {[%clk 0:24:31]} 44. c4 {[%clk 0:26:42]}  Bc6 {[%clk 0:23:55]} 45. Re3 {[%clk 0:20:07]}  Kd7 {[%clk 0:19:55]} 46. Kc3 {[%clk 0:18:18]}  Rf5 {[%clk 0:20:18]} 47. f4 {[%clk 0:17:47]}  g5 {[%clk 0:20:36]} 48. fxg5 {[%clk 0:16:07]}  fxg5 {[%clk 0:19:44]} 49. h4 {[%clk 0:10:17]}  g4 {[%clk 0:18:41]} 50. Kd4 {[%clk 0:08:43]}  Rf3 {[%clk 0:18:01]} 51. h5 {[%clk 0:08:34]}  Bb7 {[%clk 0:17:45]} 52. Rxf3 {[%clk 0:07:48]}  Bxf3 {[%clk 0:17:58]} 53. Kc5 {[%clk 0:07:24]}  Be2 {[%clk 0:18:14]} 54. d4 {[%clk 0:07:43]}  c6 {[%clk 0:18:31]} 55. h6 {[%clk 0:06:39]}  Bd3 {[%clk 0:17:35]} 56. a4 {[%clk 0:05:15]}  Be2 {[%clk 0:17:43]} 57. a5 {[%clk 0:05:21]}  Bf1 {[%clk 0:17:56]} 58. d5 {[%clk 0:04:15]}  cxd5 {[%clk 0:18:20]} 59. Kxd5 {[%clk 0:04:26]}  Bg2+ {[%clk 0:18:38]} 60. Ke5 {[%clk 0:04:32]}  Kc6 {[%clk 0:18:49]} 61. Bf2 {[%clk 0:04:17]}  Bf1 {[%clk 0:18:40]} 62. Kd4 {[%clk 0:02:21]}  Be2 {[%clk 0:18:58]} 63. Bg3 {[%clk 0:02:27]}  Bf1 {[%clk 0:19:21]} 64. Bf2 {[%clk 0:02:52]}  Be2 {[%clk 0:19:45]} 65. Bg3 {[%clk 0:03:05]}  Bf1 {[%clk 0:20:09]} 66. Bf2 {[%clk 0:03:29]} 1/2-1/2

[Event "45th FIDE Chess Olympiad Open"]
[Site "Budapest, Hungary"]
[Date "2024.09.19"]
[Round "8"]
[White "Henriquez Villagra, Cristobal"]
[Black "Zambrana, Osvaldo"]
[Result "0-1"]
[Board "117"]
[WhiteFideId "3409350"]
[BlackFideId "3300200"]
[WhiteTitle "GM"]
[BlackTitle "GM"]
[WhiteElo "2604"]
[BlackElo "2405"]
[WhiteTeam "Chile"]
[BlackTeam "Bolivia"]
[WhiteClock "0:27:56"]
[BlackClock "1:00:45"]
[Variant "Standard"]

1. e4 {[%clk 1:30:56]}  c5 {[%clk 1:30:50]} 2. Nf3 {[%clk 1:31:21]}  Nc6 {[%clk 1:31:06]} 3. Bb5 {[%clk 1:31:46]}  g6 {[%clk 1:31:12]} 4. Bxc6 {[%clk 1:31:34]}  dxc6 {[%clk 1:31:38]} 5. d3 {[%clk 1:31:46]}  Qc7 {[%clk 1:32:01]} 6. a4 {[%clk 1:31:08]}  e5 {[%clk 1:31:59]} 7. O-O {[%clk 1:20:58]}  Nf6 {[%clk 1:31:48]} 8. a5 {[%clk 1:17:00]}  h6 {[%clk 1:28:43]} 9. Qe1 {[%clk 1:09:33]}  Bg4 {[%clk 1:26:31]} 10. Nfd2 {[%clk 1:03:43]}  Nh5 {[%clk 1:26:15]} 11. Nc4 {[%clk 1:00:35]}  Be6 {[%clk 1:24:04]} 12. Qc3 {[%clk 0:57:29]}  f6 {[%clk 1:24:05]} 13. Be3 {[%clk 0:56:57]}  g5 {[%clk 1:23:26]} 14. Qa3 {[%clk 0:49:59]}  Qe7 {[%clk 1:20:15]} 15. Nbd2 {[%clk 0:46:19]}  Nf4 {[%clk 1:20:29]} 16. Kh1 {[%clk 0:41:06]}  h5 {[%clk 1:02:27]} 17. Nb3 {[%clk 0:38:05]}  Bxc4 {[%clk 1:02:35]} 18. dxc4 {[%clk 0:37:29]}  Ne6 {[%clk 1:02:57]} 19. Rad1 {[%clk 0:36:24]}  Rd8 {[%clk 1:02:47]} 20. Rxd8+ {[%clk 0:33:31]}  Kxd8 {[%clk 1:03:07]} 21. Nc1 {[%clk 0:32:58]}  g4 {[%clk 1:01:43]} 22. Nd3 {[%clk 0:31:33]}  Kc8 {[%clk 1:01:30]} 23. Qa4 {[%clk 0:31:14]}  a6 {[%clk 1:00:52]} 24. b4 {[%clk 0:26:49]}  cxb4 {[%clk 0:58:22]} 25. c5 {[%clk 0:27:00]}  Bh6 {[%clk 0:57:31]} 26. Qxb4 {[%clk 0:24:54]}  Bxe3 {[%clk 0:57:23]} 27. fxe3 {[%clk 0:25:22]}  h4 {[%clk 0:57:43]} 28. Kg1 {[%clk 0:21:46]}  h3 {[%clk 0:51:31]} 29. g3 {[%clk 0:21:00]}  Rd8 {[%clk 0:50:03]} 30. Qb6 {[%clk 0:15:15]}  Ng5 {[%clk 0:45:11]} 31. Qa7 {[%clk 0:14:19]}  Nf3+ {[%clk 0:41:05]} 32. Kh1 {[%clk 0:07:27]}  Nd2 {[%clk 0:36:21]} 33. Ra1 {[%clk 0:03:33]}  Qh7 {[%clk 0:31:37]} 34. Ra4 {[%clk 0:03:52]}  Rd4 {[%clk 0:31:42]} 35. Qa8+ {[%clk 0:02:48]}  Kc7 {[%clk 0:32:03]} 36. Rxd4 {[%clk 0:02:19]}  exd4 {[%clk 0:32:26]} 37. Qe8 {[%clk 0:01:42]}  dxe3 {[%clk 0:32:45]} 38. Kg1 {[%clk 0:01:31]}  Qxe4 {[%clk 0:33:00]} 39. Qxe4 {[%clk 0:01:45]}  Nxe4 {[%clk 0:33:26]} 40. Kf1 {[%clk 0:02:10]}  f5 {[%clk 0:33:51]} 41. Nf4 {[%clk 0:00:46]}  Kd7 {[%clk 0:32:57]} 42. Nh5 {[%clk 0:01:05]}  Ke6 {[%clk 0:33:10]} 43. Ke2 {[%clk 0:01:29]}  Ke5 {[%clk 0:33:02]} 44. Kxe3 {[%clk 0:27:56]}  Nxg3 {[%clk 1:00:45]} 0-1

[Event "45th FIDE Chess Olympiad Open"]
[Site "Budapest, Hungary"]
[Date "2024.09.19"]
[Round "8"]
[White "Gemy, Jose Daniel"]
[Black "Salinas Herrera, Pablo"]
[Result "0-1"]
[Board "118"]
[WhiteFideId "3301478"]
[BlackFideId "3407128"]
[WhiteTitle "IM"]
[BlackTitle "GM"]
[WhiteElo "2315"]
[BlackElo "2479"]
[WhiteTeam "Bolivia"]
[BlackTeam "Chile"]
[WhiteClock "0:00:42"]
[BlackClock "0:28:09"]
[Variant "Standard"]

1. c4 {[%clk 1:30:55]}  e6 {[%clk 1:29:54]} 2. Nf3 {[%clk 1:27:48]}  d5 {[%clk 1:30:16]} 3. g3 {[%clk 1:27:56]}  dxc4 {[%clk 1:30:41]} 4. Qa4+ {[%clk 1:26:02]}  Nd7 {[%clk 1:31:06]} 5. Bg2 {[%clk 1:26:16]}  a6 {[%clk 1:31:11]} 6. Qxc4 {[%clk 1:26:30]}  b5 {[%clk 1:31:33]} 7. Qc2 {[%clk 1:26:55]}  Bb7 {[%clk 1:31:55]} 8. O-O {[%clk 1:25:26]}  c5 {[%clk 1:32:08]} 9. a4 {[%clk 1:22:58]}  Ngf6 {[%clk 1:32:30]} 10. Nc3 {[%clk 1:20:14]}  Qb6 {[%clk 1:30:45]} 11. d3 {[%clk 1:10:54]}  Be7 {[%clk 1:24:53]} 12. Be3 {[%clk 0:56:53]}  O-O {[%clk 1:14:55]} 13. h3 {[%clk 0:53:15]}  Rac8 {[%clk 0:42:57]} 14. Rfc1 {[%clk 0:49:34]}  b4 {[%clk 0:41:34]} 15. a5 {[%clk 0:46:25]}  Qd8 {[%clk 0:38:02]} 16. Nd1 {[%clk 0:46:09]}  Nd5 {[%clk 0:37:20]} 17. Bd2 {[%clk 0:46:25]}  Nc7 {[%clk 0:35:08]} 18. Ne3 {[%clk 0:43:33]}  Nb5 {[%clk 0:35:30]} 19. Qd1 {[%clk 0:43:53]}  Bf6 {[%clk 0:30:16]} 20. Nc4 {[%clk 0:40:05]}  Bd5 {[%clk 0:30:41]} 21. Be3 {[%clk 0:33:45]}  Qe7 {[%clk 0:24:54]} 22. Nfd2 {[%clk 0:28:59]}  Rfd8 {[%clk 0:20:08]} 23. Kh2 {[%clk 0:26:13]}  h5 {[%clk 0:18:53]} 24. Qh1 {[%clk 0:26:22]}  h4 {[%clk 0:18:20]} 25. Bxd5 {[%clk 0:21:59]}  hxg3+ {[%clk 0:18:46]} 26. Kxg3 {[%clk 0:19:45]}  exd5 {[%clk 0:16:49]} 27. Qxd5 {[%clk 0:20:09]}  Nd4 {[%clk 0:14:37]} 28. Kg2 {[%clk 0:11:20]}  Nf8 {[%clk 0:09:52]} 29. Qh5 {[%clk 0:06:33]}  g6 {[%clk 0:09:26]} 30. Qg4 {[%clk 0:06:56]}  Rc6 {[%clk 0:08:32]} 31. Kf1 {[%clk 0:03:50]}  Bg7 {[%clk 0:08:59]} 32. Bg5 {[%clk 0:04:00]}  f6 {[%clk 0:08:50]} 33. Be3 {[%clk 0:04:06]}  Re6 {[%clk 0:09:10]} 34. Bxd4 {[%clk 0:03:06]}  Rxd4 {[%clk 0:09:36]} 35. Qf3 {[%clk 0:03:34]}  Nh7 {[%clk 0:10:00]} 36. Nb3 {[%clk 0:01:27]}  Ng5 {[%clk 0:10:16]} 37. Nxd4 {[%clk 0:00:59]}  Nxf3 {[%clk 0:10:40]} 38. Nxe6 {[%clk 0:01:27]}  Qxe6 {[%clk 0:07:28]} 39. exf3 {[%clk 0:01:52]}  Qxh3+ {[%clk 0:07:55]} 40. Ke2 {[%clk 0:02:11]}  Qe6+ {[%clk 0:08:18]} 41. Kf1 {[%clk 0:27:57]}  Qd5 {[%clk 0:36:45]} 42. Ke2 {[%clk 0:26:35]}  f5 {[%clk 0:36:43]} 43. Rg1 {[%clk 0:22:02]}  Kf7 {[%clk 0:37:08]} 44. Rab1 {[%clk 0:13:20]}  Qe6+ {[%clk 0:36:49]} 45. Kf1 {[%clk 0:13:29]}  Qd7 {[%clk 0:36:49]} 46. Ke2 {[%clk 0:06:40]}  Bd4 {[%clk 0:36:58]} 47. f4 {[%clk 0:05:24]}  Qe7+ {[%clk 0:36:48]} 48. Kf3 {[%clk 0:04:32]}  Qh4 {[%clk 0:36:23]} 49. Rg3 {[%clk 0:03:23]}  g5 {[%clk 0:31:40]} 50. fxg5 {[%clk 0:00:45]}  f4 {[%clk 0:32:06]} 51. g6+ {[%clk 0:00:34]}  Kg8 {[%clk 0:31:53]} 52. Rg4 {[%clk 0:00:37]}  Qxf2+ {[%clk 0:31:21]} 53. Ke4 {[%clk 0:01:06]}  Qe2+ {[%clk 0:31:15]} 54. Kxf4 {[%clk 0:01:18]}  Qxd3 {[%clk 0:31:25]} 55. Re1 {[%clk 0:01:02]}  Qxc4 {[%clk 0:31:05]} 56. b3 {[%clk 0:00:42]}  Qb5 {[%clk 0:28:09]} 0-1

[Event "45th FIDE Chess Olympiad Open"]
[Site "Budapest, Hungary"]
[Date "2024.09.19"]
[Round "8"]
[White "Lopez Silva, Hugo"]
[Black "Pinto, Daniel"]
[Result "1/2-1/2"]
[Board "119"]
[WhiteFideId "3403874"]
[BlackFideId "3303144"]
[WhiteTitle "IM"]
[BlackTitle "FM"]
[WhiteElo "2379"]
[BlackElo "2273"]
[WhiteTeam "Chile"]
[BlackTeam "Bolivia"]
[WhiteClock "0:00:58"]
[BlackClock "0:06:23"]
[Variant "Standard"]

1. e4 {[%clk 1:30:47]}  e5 {[%clk 1:30:42]} 2. Nf3 {[%clk 1:31:06]}  Nc6 {[%clk 1:30:48]} 3. Bc4 {[%clk 1:31:32]}  Bc5 {[%clk 1:30:38]} 4. c3 {[%clk 1:32:00]}  Nf6 {[%clk 1:30:58]} 5. d3 {[%clk 1:32:28]}  d6 {[%clk 1:30:53]} 6. O-O {[%clk 1:32:33]}  a6 {[%clk 1:29:49]} 7. Nbd2 {[%clk 1:29:39]}  Ba7 {[%clk 1:29:16]} 8. Bb3 {[%clk 1:29:38]}  O-O {[%clk 1:27:30]} 9. h3 {[%clk 1:29:55]}  Ne7 {[%clk 1:23:27]} 10. Re1 {[%clk 1:30:15]}  Ng6 {[%clk 1:23:09]} 11. Nf1 {[%clk 1:30:24]}  Be6 {[%clk 1:17:16]} 12. Ng3 {[%clk 1:25:21]}  h6 {[%clk 1:09:12]} 13. Bc2 {[%clk 1:20:10]}  c6 {[%clk 1:07:18]} 14. d4 {[%clk 1:20:33]}  Qd7 {[%clk 0:52:43]} 15. Be3 {[%clk 1:18:28]}  Rfe8 {[%clk 0:49:03]} 16. Qd2 {[%clk 1:16:53]}  Kh7 {[%clk 0:40:18]} 17. Rad1 {[%clk 1:14:25]}  b5 {[%clk 0:31:58]} 18. Qc1 {[%clk 1:00:21]}  Qc7 {[%clk 0:27:25]} 19. a4 {[%clk 0:46:11]}  Rad8 {[%clk 0:26:36]} 20. Nf5 {[%clk 0:38:53]}  Ng8 {[%clk 0:20:13]} 21. b4 {[%clk 0:28:09]}  f6 {[%clk 0:20:22]} 22. d5 {[%clk 0:23:11]}  Bxe3 {[%clk 0:20:19]} 23. Nxe3 {[%clk 0:23:30]}  Bd7 {[%clk 0:17:49]} 24. dxc6 {[%clk 0:22:14]}  Qxc6 {[%clk 0:16:24]} 25. axb5 {[%clk 0:19:55]}  axb5 {[%clk 0:16:42]} 26. Nd5 {[%clk 0:20:24]}  Be6 {[%clk 0:14:42]} 27. Nh2 {[%clk 0:14:06]}  Rf8 {[%clk 0:12:06]} 28. Qd2 {[%clk 0:07:53]}  N8e7 {[%clk 0:12:08]} 29. Ng4 {[%clk 0:04:02]}  Bxd5 {[%clk 0:11:40]} 30. exd5 {[%clk 0:04:28]}  Qd7 {[%clk 0:11:47]} 31. Ra1 {[%clk 0:01:09]}  f5 {[%clk 0:05:32]} 32. Nh2 {[%clk 0:00:31]}  Nf4 {[%clk 0:05:21]} 33. Bb3 {[%clk 0:00:44]}  Ra8 {[%clk 0:05:43]} 34. Nf1 {[%clk 0:00:32]}  Ra7 {[%clk 0:02:38]} 35. Ne3 {[%clk 0:00:38]}  Rfa8 {[%clk 0:02:50]} 36. Rab1 {[%clk 0:00:44]}  g6 {[%clk 0:02:29]} 37. Kh2 {[%clk 0:00:43]}  Kg7 {[%clk 0:00:59]} 38. c4 {[%clk 0:00:31]}  bxc4 {[%clk 0:01:12]} 39. Nxc4 {[%clk 0:00:45]}  Nfxd5 {[%clk 0:01:04]} 40. Rbd1 {[%clk 0:00:35]}  Rb8 {[%clk 0:01:08]} 41. Nxe5 {[%clk 0:19:44]}  dxe5 {[%clk 0:30:47]} 42. Bxd5 {[%clk 0:20:12]}  Qxd5 {[%clk 0:13:29]} 43. Qxd5 {[%clk 0:18:21]}  Nxd5 {[%clk 0:13:53]} 44. Rxd5 {[%clk 0:18:47]}  e4 {[%clk 0:13:45]} 45. g4 {[%clk 0:04:24]}  Ra2 {[%clk 0:10:40]} 46. gxf5 {[%clk 0:01:51]}  Rxf2+ {[%clk 0:11:04]} 47. Kg3 {[%clk 0:01:40]}  Rf3+ {[%clk 0:08:07]} 48. Kg4 {[%clk 0:01:50]}  h5+ {[%clk 0:07:46]} 49. Kg5 {[%clk 0:01:45]}  gxf5 {[%clk 0:06:46]} 50. Rxf5 {[%clk 0:00:50]}  Rxb4 {[%clk 0:06:38]} 51. Rxe4 {[%clk 0:00:37]}  Rg3+ {[%clk 0:06:32]} 52. Kf4 {[%clk 0:00:41]}  Rxe4+ {[%clk 0:06:23]} 53. Kxg3 {[%clk 0:00:58]} 1/2-1/2

[Event "45th FIDE Chess Olympiad Open"]
[Site "Budapest, Hungary"]
[Date "2024.09.19"]
[Round "8"]
[White "Salem, A.R. Saleh"]
[Black "Amin, Bassem"]
[Result "1-0"]
[Board "121"]
[WhiteFideId "9301348"]
[BlackFideId "10601457"]
[WhiteTitle "GM"]
[BlackTitle "GM"]
[WhiteElo "2631"]
[BlackElo "2636"]
[WhiteTeam "United Arab Emirates"]
[BlackTeam "Egypt"]
[WhiteClock "0:12:23"]
[BlackClock "0:01:27"]
[Variant "Standard"]

1. d4 {[%clk 1:30:57]}  Nf6 {[%clk 1:30:14]} 2. c4 {[%clk 1:31:21]}  g6 {[%clk 1:29:14]} 3. Nc3 {[%clk 1:31:42]}  Bg7 {[%clk 1:29:27]} 4. e4 {[%clk 1:32:04]}  d6 {[%clk 1:29:53]} 5. f3 {[%clk 1:32:24]}  O-O {[%clk 1:30:14]} 6. Be3 {[%clk 1:32:48]}  c5 {[%clk 1:30:37]} 7. Nge2 {[%clk 1:33:00]}  Nc6 {[%clk 1:30:11]} 8. d5 {[%clk 1:33:04]}  Ne5 {[%clk 1:30:35]} 9. Ng3 {[%clk 1:33:28]}  e6 {[%clk 1:30:54]} 10. Be2 {[%clk 1:33:45]}  exd5 {[%clk 1:31:05]} 11. cxd5 {[%clk 1:34:07]}  b5 {[%clk 1:29:00]} 12. Nxb5 {[%clk 1:33:53]}  Rb8 {[%clk 1:29:24]} 13. O-O {[%clk 1:32:40]}  a6 {[%clk 1:29:16]} 14. Nc3 {[%clk 1:32:52]}  Rxb2 {[%clk 1:28:43]} 15. Qc1 {[%clk 1:32:51]}  Rb4 {[%clk 1:27:03]} 16. Bh6 {[%clk 1:30:12]}  Bxh6 {[%clk 1:19:29]} 17. Qxh6 {[%clk 1:30:32]}  Re8 {[%clk 1:09:00]} 18. h3 {[%clk 1:27:10]}  Kh8 {[%clk 1:07:35]} 19. Qc1 {[%clk 1:24:30]}  c4 {[%clk 1:04:29]} 20. Kh2 {[%clk 1:13:04]}  a5 {[%clk 1:00:18]} 21. Nd1 {[%clk 1:09:20]}  h5 {[%clk 0:37:16]} 22. Qc3 {[%clk 0:46:52]}  Kg8 {[%clk 0:31:22]} 23. Ne3 {[%clk 0:45:07]}  Qb6 {[%clk 0:30:45]} 24. Nxc4 {[%clk 0:38:16]}  Qc5 {[%clk 0:14:48]} 25. Rfc1 {[%clk 0:37:03]}  h4 {[%clk 0:12:55]} 26. Nf1 {[%clk 0:34:22]}  Ba6 {[%clk 0:12:09]} 27. Nxe5 {[%clk 0:30:30]}  Qxc3 {[%clk 0:12:32]} 28. Rxc3 {[%clk 0:30:50]}  Bxe2 {[%clk 0:12:57]} 29. Nc6 {[%clk 0:29:34]}  Bxf1 {[%clk 0:09:56]} 30. Nxb4 {[%clk 0:27:10]}  axb4 {[%clk 0:10:25]} 31. Rc6 {[%clk 0:27:31]}  Be2 {[%clk 0:08:15]} 32. Rxd6 {[%clk 0:26:54]}  Nh5 {[%clk 0:08:35]} 33. Rb6 {[%clk 0:24:15]}  Rc8 {[%clk 0:08:09]} 34. d6 {[%clk 0:23:38]}  Kg7 {[%clk 0:08:01]} 35. Rxb4 {[%clk 0:22:22]}  Nf4 {[%clk 0:05:49]} 36. Rab1 {[%clk 0:18:21]}  Rc2 {[%clk 0:03:47]} 37. R1b2 {[%clk 0:16:25]}  Rc1 {[%clk 0:03:56]} 38. e5 {[%clk 0:14:04]}  Bc4 {[%clk 0:01:14]} 39. d7 {[%clk 0:12:57]}  Ne6 {[%clk 0:01:40]} 40. Rd2 {[%clk 0:12:53]}  g5 {[%clk 0:01:27]} 41. Rb6 {[%clk 0:12:23]} 1-0